[Event "Santa Maria di Sala op 26th"]
[Site "Santa Maria di Sala"]
[Date "2018.12.07"]
[Round "1"]
[White "Ridolfo, Enrico"]
[Black "Chirilov, Marius Giorgian"]
[Result "1-0"]
[WhiteElo "2035"]
[BlackElo "1834"]
[PlyCount "97"]
[EventDate "2018.12.07"]
[EventType "swiss"]
[EventRounds "5"]
[EventCountry "ITA"]
[SourceTitle "EXT 2022"]
[Source "ChessBase"]
[SourceDate "2021.10.06"]
[SourceVersion "1"]
[SourceVersionDate "2021.10.06"]
[SourceQuality "1"]

1. e4 d5 2. Nc3 dxe4 3. Nxe4 Bf5 4. Ng3 Bg6 5. Nf3 Nc6 6. d4 Nb4 7. Bb5+ c6 8. Ba4 b5 9. Bb3 a5 10. a3 Nd5 11. h4 f6 12. Qe2 Qd6 13. h5 Bf7 14. Ne4 Qc7 15. Nc5 e5 16. c4 bxc4 17. Bxc4 Bxc5 18. dxc5 Nge7 19. Bd2 Rb8 20. b3 Qa7 21. h6 g6 22. Rd1 Qxc5 23. Nxe5 fxe5 24. Qxe5 Kd7 25. Bf4 Rbc8 26. Ba6 Nf5 27. Bxc8+ Rxc8 28. 0-0 Qd6 29. Qxf5+ gxf5 30. Bxd6 Kxd6 31. Rfe1 Rg8 32. Rd4 Rg6 33. Ra4 Ne7 34. Rxa5 Bxb3 35. Ra7 Re6 36. Rxe6+ Kxe6 37. Kf1 f4 38. Ke2 Bc2 39. a4 Nd5 40. a5 Kd6 41. Rb7 Be4 42. f3 Bf5 43. a6 Bc8 44. Rxh7 Bxa6+ 45. Kd2 Bf1 46. Rd7+ Kxd7 47. h7 Bxg2 48. h8Q Bxf3 49. Qh3+ 1-0